Personnalités dont le nom commence par la lettre O (par images) - Statistiques

Statistiques générales
  • Ce quiz a été pris 486 fois
  • Le résultat moyen est 7 sur 16
Statistiques - réponses
Par images Réponse % Correct
Barack Obama
100%
Orelsan
94%
Oli
92%
Pascal Obispo
92%
Mesut Özil
67%
Jenna Ortega
64%
Shaquille O'Neal
54%
Laurent Ournac
51%
Michael Owen
46%
Gary Oldman
25%
Rita Ora
21%
Hakeem Olajuwon
16%
Sabrina Ouazani
12%
Conan O'Brien
10%
François Ozon
3%
Timothy Olyphant
2%
Aucun quiz correspondant
Distribution des résultats
% des personnes avec chaque résultat
Percentile par nombre de réponses
Votre historique - résultats
Vous n’avez pas pris ce quiz